<?xml version="1.0" encoding="UTF-8"?>
<record
    xmlns:xsi="http://www.w3.org/2001/XMLSchema-instance"
    xsi:schemaLocation="http://www.loc.gov/MARC21/slim http://www.loc.gov/standards/marcxml/schema/MARC21slim.xsd"
    xmlns="http://www.loc.gov/MARC21/slim">

  <leader>02154nam a22003617a 4500</leader>
  <datafield tag="999" ind1=" " ind2=" ">
    <subfield code="c">21835</subfield>
    <subfield code="d">21835</subfield>
  </datafield>
  <controlfield tag="003">AR-CdUCM</controlfield>
  <controlfield tag="008">190425b           ||||| |||| 00| 0 spa d</controlfield>
  <datafield tag="040" ind1=" " ind2=" ">
    <subfield code="a">MUNICIPALIDAD PROVINCIAL DEL CUSCO</subfield>
    <subfield code="c">BIBLIOTECA MUNICIPAL DEL CUSCO</subfield>
  </datafield>
  <datafield tag="082" ind1=" " ind2=" ">
    <subfield code="a">Rev.Andi/N&#xB0;10/1987</subfield>
  </datafield>
  <datafield tag="110" ind1=" " ind2=" ">
    <subfield code="a">Centro Bartolom&#xE9; de Las Casas</subfield>
    <subfield code="9">3293</subfield>
  </datafield>
  <datafield tag="245" ind1=" " ind2=" ">
    <subfield code="a">Revista andina /</subfield>
    <subfield code="c">Centro de estudios rurales andinos Bartolom&#xE9; de Las Casas Cusco</subfield>
  </datafield>
  <datafield tag="260" ind1=" " ind2=" ">
    <subfield code="a">Cusco :</subfield>
    <subfield code="b">Centro Bartolom&#xE9; de Las Casas,</subfield>
    <subfield code="c">1987.</subfield>
  </datafield>
  <datafield tag="300" ind1=" " ind2=" ">
    <subfield code="a">329-626 p&#xE1;ginas. :</subfield>
    <subfield code="b">ilustraciones ;</subfield>
    <subfield code="c">23 cm.</subfield>
  </datafield>
  <datafield tag="440" ind1=" " ind2=" ">
    <subfield code="a">Publicaci&#xF3;n Semestral del Centro Bartolom&#xE9; de Las Casas Cusco.</subfield>
    <subfield code="n">A&#xF1;o 5, N&#xFA;mero 10, N&#xB0;2, Segundo semestre 1987.</subfield>
    <subfield code="9">46329</subfield>
  </datafield>
  <datafield tag="505" ind1=" " ind2=" ">
    <subfield code="a">Contenido: Lenguas y pueblos altipl&#xE1;nicos en torno al siglo XVI. Alfredo Torero. -- Estrategias pol&#xED;ticas y econ&#xF3;micas de las etnias locales del Valle del Chill&#xF3;n durante el per&#xED;odo prehisp&#xE1;nico. Tom D. Dillehay. -- Tradici&#xF3;n y cambio en las sociedades formativas de Bagua, Amazonas, Per&#xFA;. Ruth Shady Sol&#xED;s. -- Un an&#xE1;lisis de los tejidos en los atados rituales de los pastores. Elayne Zorn. -- Una biblioteca cusque&#xF1;a confiscada por la Inquisici&#xF3;n el proceso al doctor Agust&#xED;n Valenciano de Qui&#xF1;ones, hereje reconciliado 1574-1595. Teodoro Hampe Mart&#xED;nez. -- El estudio econ&#xF3;mico del cambio t&#xE9;cnico en la agricultura andina a prop&#xF3;sito de dos libros de Figueroa y Cotlear. Bruno Kervyn. -- Cr&#xF3;nicas, papeles y autores publicaciones y estudios recientes de los siglos XVI, XVII y XVIII. Henrique Urbano.</subfield>
  </datafield>
  <datafield tag="650" ind1=" " ind2=" ">
    <subfield code="a">Comunidades campesinas</subfield>
    <subfield code="9">2214</subfield>
  </datafield>
  <datafield tag="650" ind1=" " ind2=" ">
    <subfield code="a">Econom&#xED;a campesina</subfield>
    <subfield code="9">2215</subfield>
  </datafield>
  <datafield tag="650" ind1=" " ind2=" ">
    <subfield code="a">Cultura andina</subfield>
    <subfield code="9">46295</subfield>
  </datafield>
  <datafield tag="650" ind1=" " ind2=" ">
    <subfield code="a">Lenguas ind&#xED;genas</subfield>
    <subfield code="9">46330</subfield>
  </datafield>
  <datafield tag="650" ind1=" " ind2=" ">
    <subfield code="a">Textiler&#xED;a andina</subfield>
    <subfield code="9">8669</subfield>
  </datafield>
  <datafield tag="650" ind1=" " ind2=" ">
    <subfield code="a">Tejidos andinos</subfield>
    <subfield code="9">46331</subfield>
  </datafield>
  <datafield tag="650" ind1=" " ind2=" ">
    <subfield code="a">Agricultura andina</subfield>
    <subfield code="9">19072</subfield>
  </datafield>
  <datafield tag="650" ind1=" " ind2=" ">
    <subfield code="a">Santa Inquisici&#xF3;n</subfield>
    <subfield code="9">12902</subfield>
  </datafield>
  <datafield tag="700" ind1=" " ind2=" ">
    <subfield code="a">Torero, Alfredo</subfield>
    <subfield code="9">2062</subfield>
  </datafield>
  <datafield tag="700" ind1=" " ind2=" ">
    <subfield code="a">Dillehay, Tom D.</subfield>
    <subfield code="9">46332</subfield>
  </datafield>
  <datafield tag="700" ind1=" " ind2=" ">
    <subfield code="a">Shady Sol&#xED;s, Ruth</subfield>
    <subfield code="9">46333</subfield>
  </datafield>
  <datafield tag="700" ind1=" " ind2=" ">
    <subfield code="a">Zorn, Elayne</subfield>
    <subfield code="9">46334</subfield>
  </datafield>
  <datafield tag="700" ind1=" " ind2=" ">
    <subfield code="a">Hampe Mart&#xED;nez, Teodoro</subfield>
    <subfield code="9">3129</subfield>
  </datafield>
  <datafield tag="700" ind1=" " ind2=" ">
    <subfield code="a">Kervyn, Bruno</subfield>
    <subfield code="9">7289</subfield>
  </datafield>
  <datafield tag="700" ind1=" " ind2=" ">
    <subfield code="a">Urbano, Henrique</subfield>
    <subfield code="9">2078</subfield>
  </datafield>
  <datafield tag="942" ind1=" " ind2=" ">
    <subfield code="2">ddc</subfield>
    <subfield code="c">PP</subfield>
  </datafield>
  <datafield tag="945" ind1=" " ind2=" ">
    <subfield code="a">rac</subfield>
  </datafield>
  <datafield tag="952" ind1=" " ind2=" ">
    <subfield code="0">0</subfield>
    <subfield code="2">ddc</subfield>
    <subfield code="4">0</subfield>
    <subfield code="7">0</subfield>
    <subfield code="a">HEM</subfield>
    <subfield code="b">HEM</subfield>
    <subfield code="c">CART</subfield>
    <subfield code="d">2021-08-20</subfield>
    <subfield code="g">10.00</subfield>
    <subfield code="o">Rev.Andi/N&#xB0;10/1987</subfield>
    <subfield code="p">REVC000308</subfield>
    <subfield code="r">2021-08-20</subfield>
    <subfield code="y">PP</subfield>
  </datafield>
</record>
